| 000 | 00617nam a2200217Ia 4500 | ||
|---|---|---|---|
| 005 | 20250701164518.0 | ||
| 008 | 008 250505s9999 xx 000 0 eng d | ||
| 020 | _a9781032322490 | ||
| 037 | _aTextual | ||
| 040 |
_aEASL _beng _cEASL |
||
| 041 |
_aeng _2eng |
||
| 084 |
_aP41:2, R3;4 _qEASL |
||
| 100 |
_aLi Wang _9782668 |
||
| 245 | 0 | _aModern Chinese Grammar IV: Special Forms and Europeanized Grammar | |
| 260 |
_aUSA _b3rd Avenue Routledge New York _c2023 |
||
| 300 | _a220pg | ||
| 365 | _aUK | ||
| 490 | _aChina Perspectives | ||
| 942 |
_cTEXL _hP41:2, R3;4 |
||
| 999 |
_c1433324 _d1433324 |
||